Towarzystwo Miłośników Głogówka w latach 2000-2003

Titel: Towarzystwo Miłośników Głogówka w latach 2000-2003
Verfasser:
In: Ziemia Prudnicka, (2006), Seite 261-265, fot.
alle Artikel anzeigen
Veröffentlicht: 2006
Format: Aufsatz
Sprache: Polnisch
Schlagworte:
Kein Bild verfügbar
X
alg: 39457735
001A    $01999:12-11-16 
001B    $03025:04-04-24 $t07:35:20.000 
001D    $01999:12-11-16 
001U    $0utf8 
001X    $00 
002@    $0Aox 
003@    $0394577353 
007A    $0394577353 $aHEB 
007T    $0Herdww038429 
010@    $apol 
011@    $a2006 
021A    $aTowarzystwo Miłośników Głogówka w latach 2000-2003 
027A    $aDie Gesellschaft der Freunde Oberglogaus in den Jahren 2000-2003 
028A    $aDevosges-Cuber $dAleksander 
031A    $h261-265, fot. $j2006 
039B    $aIn $8--Abvc--. Ziemia Prudnicka. - Prudnik : Spółka Wydawn. "Aneks", 2002-. - ISSN 1642-977X $x200600000000000739 $9112106501 
044K    $ROberglogau $#Oberglogau $75057306-8 $8Głogówek [Tg1] $9044719264 
045F    $a307.094385 $eDDC23BSB 
045F/01 $a307.09 
045F/03 $g4385 
045T    $a7,41 
046C    $aDie Gesellschaft der Freunde Oberglogaus in den Jahren 2000-2003 $bÜbers. des Hauptsacht. 

lok: 39457735 78

exp: 39457735 78 1 #EPN
201B/01 $004-04-24 $t07:35:20.000 
201U/01 $0utf8 
203@/01 $079068778X 
208@/01 $a12-11-16 $be 
209A/01 $a/ $f000 $x00 
220C/01 $aTitelaufnehmer: EV 
220C/01 $aHerkunft: IH UWr 
244Z/01 $2Trx $#Silesia $#Śląsk $#Sliezsko $#Slezsko $8--Trx--Schlesien $x01 $9391173987 
244Z/01 $#Oberglogau $75057306-8 $8--Tg1--Głogówek $x02 $9044719264 
244Z/01 $aGeschichte 2000-2003 $x03 
244Z/01 $2Trx $#kultuuri ja hariduse assotsiatsioonid $#kultūros ir švietimo draugijos $#Associations for culture and education $#kulturális és oktatási társaságok $#towarzystwa kulturalno-oświatowe $#spoločnosti kultúrno-vzdelávacie $#společnosti kulturněvzdělávací $8--Trx--Gesellschaften für Kultur und Bildung $x04 $9391381482 
244Z/01 $2Trx $8--Trx--Zeitschriftenaufsatz $x05 $9391384341 
245Z/01 $a13.03 $x01 
245Z/01 $a11.14 $x02 
247C/01 $82080>Marburg/Lahn, Herder-Institut, Forschungsbibliothek, Bibliographieportal $9336309341
LEADER 00000caa a22000002c 4500
001 394577353
003 DE-603
005 20240404073520.0
007 tu
008 161112s2006 xx |||| | u00||u|pol c
035 |a (DE-599)HEB394577353 
040 |a DE-603  |b ger  |c DE-603  |d DE-603 
041 |a pol 
082 0 4 |8 1\u  |a 307.094385  |q DE-101  |2 23/BSB 
084 |a 7,41  |2 ssgn 
085 |8 1\u  |b 307.09 
085 |8 1\u  |z 2  |s 4385 
100 1 |a Devosges-Cuber, Aleksander 
245 0 0 |a Towarzystwo Miłośników Głogówka w latach 2000-2003 
246 1 |i Übers. des Hauptsacht.  |a Die Gesellschaft der Freunde Oberglogaus in den Jahren 2000-2003 
246 1 3 |a Die Gesellschaft der Freunde Oberglogaus in den Jahren 2000-2003 
264 0 |c 2006 
651 7 |a Głogówek  |0 (DE-588)5057306-8  |0 (DE-603)044719264  |2 gnd 
773 0 8 |i In  |t Ziemia Prudnicka  |d Prudnik : Spółka Wydawn. "Aneks", 2002-  |x 1642-977X  |g (2006), Seite 261-265, fot.  |w (DE-603)112106501  |w (DE-600)2111590-4 
924 0 |9 2080  |a (DE-603)79068778X  |b DE-2080  |c HES  |d d  |g /